000 00827nam a2200229 a 4500
999 _c5804
_d5804
001 5804
003 BD-JhCC
005 20171221184132.0
008 171221s2013 bg a|||| || | 000 0 eng d
035 _a(BD-JhCC)5804
040 _aBD-JhCC
_dBD-JhCC
041 _aeng
082 _a910
_bMON 2013
100 _aমনিরুজ্জামান, মোঃ
245 _aভূগোল প্রথম পত্র একাদশ ও দ্বাদশ শ্রেণি /
_cমোঃ মনিরুজ্জামান, মোঃ শাহেদুর রশিদ
260 _aঢাকা :
_bমেট্রোপলিস্ লাইব্রেরি,
_c2013.
300 _a270 cm.
650 _aGeography
700 _aরশিদ, মোঃ শাহেদুর
942 _2ddc
_cBK